[Event "FIDE World Cup"]
[Site "Krasnaya Polyana"]
[Date "2021.08.03"]
[Round "7.4"]
[White "Carlsen, Magnus"]
[Black "Duda, Jan Krzysztof"]
[Result "0-1"]
[WhiteElo "2847"]
[BlackElo "2738"]
[Annotator "Moradiabadi"]
[PlyCount "148"]
[EventDate "2021.07.12"]
[EventType "k.o."]
[EventRounds "8"]
[EventCountry "RUS"]
[SourceTitle "CL 11.2021"]
[SourceDate "2021.11.01"]
[SourceVersion "1"]
[SourceVersionDate "2021.11.01"]
[SourceQuality "1"]

1. e4 {This is probably the most important game of the entire event. It
decided the qualifiers for the Candidates (given that Carlsen is already World
Champion!) and made the third place match rather ceremonial... although I'm
sure Fedoseev was glad to get the fourth place prize money!} c5 2. Nf3 d6 3.
Bb5+ Bd7 4. Bxd7+ Qxd7 5. O-O Nf6 6. Qe2 {Carlsen has employed this setup in
past rapid games, so Duda might have expected this. As the game shows, he was
totally prepared for it.} Nc6 7. c3 e6 8. d4 cxd4 9. cxd4 d5 10. e5 Ne4 11.
Nbd2 ({The alternative} 11. Be3 Be7 12. Ne1 f6 13. f3 Ng5 14. Nd3 O-O 15. Nd2
Rac8 {is rather harmless according to current practice.}) 11... Nxd2 12. Bxd2
Bb4 $1 {Let me share a personal story here: this is the first pawn structure
that I studied with a GM! GM Igor Zaitsev showed the first generation of
talented Iranian players a game he had played in the 1998 Heart of Finland
open. He said something that still sticks with to me to this day: White's
attack in this setup is underestimated because everybody eases up after
trading off the light-squared bishop. Now, some 23 years later, the engines
want to exchange the other bishop, confirming the old theoretician's ingenious
insight.} 13. Bf4 $1 {Carlsen knows his stuff - of course he won't trade!} O-O
14. Qd3 ({Future players will want to investigate} 14. h4 $5 {, following
Zaitsev's recommendation. Engines love it at depth 50! Not too shabby! The
position after} h6 15. h5 Rac8 {will appear someday at the highest level. Mark
my words!}) 14... Be7 15. a3 Rac8 16. g3 Na5 17. b3 Qc6 18. Bd2 Qb6 19. Rfb1 a6
20. Kg2 Nc6 21. Re1 ({Perhaps Carlsen should have tried} 21. h4 Rc7 22. h5 h6
23. Rh1 Qb5 24. Qe3 Rcc8 $1 ({not} 24... Rfc8 25. g4 $1 {with advantage to
White}) 25. Ra2 {and the position remains complicated.} ({Play is also unclear
after} 25. g4 f5 $1 {.})) 21... Qb5 22. Qb1 Rc7 23. h4 Rfc8 24. Ra2 $6 {
This is a bit slow.} ({More promising for White is} 24. h5 h6 25. Re3 ({
worse is} 25. Be3 $6 Na5 26. b4 Nc4) 25... a5 26. g4 a4 27. Qd1 {.}) 24... a5
25. Rh1 a4 26. b4 $2 {But this is a serious mishap. Duda demonstrates deep
technical skill from here, although most of his moves are rather thematic.} ({
I think Carlsen had to play} 26. Rb2 Bxa3 27. Ng5 g6 28. h5 Bxb2 29. hxg6 hxg6
30. bxa4 Qb6 31. Bc3 Nxd4 ({things are unclear after} 31... Bxc3 32. Qxb6 Bxd4
33. Qb1 Bxe5) 32. Nh7 Nc2 33. Nf6+ Kf8 34. Bxb2 Qb4 35. Rh8+ Kg7 ({not} 35...
Ke7 36. Ba3) 36. Rh7+ {with equality.}) 26... h6 27. Be3 $2 {This second
time-waster leaves Carlsen without any counterplay.} ({He would have put up
fierce resistance after} 27. Rc1 Na7 28. Rac2 {.}) 27... Na7 28. Bd2 $6 ({After
} 28. Ng1 Rc3 29. Ne2 Rb3 30. Qd1 Qa6 $1 31. Nf4 {the engine says Black is
winning, but at least White is going to throw the sink at Black before
throwing in the towel!}) 28... Qe2 ({More precise was} 28... Rc4 {followed by .
..Qb5-a6 and ...Na7-b5.}) 29. Re1 Qc4 30. Re3 Nb5 31. Rd3 Rc6 32. Rb2 Bd8 33.
g4 Bb6 34. Be3 Nc3 35. Qf1 Qb5 36. Rc2 Ne4 37. Rxc6 $6 {Leaving Carlsen
fundamentally worse for a long time.} ({Giving up the Exchange with} 37. Rc5
Bxc5 38. dxc5 Qc4 39. Nd4 R6c7 40. f3 Nc3 41. Rd2 {is a better practical
chance.}) 37... Rxc6 38. Rd1 Rc4 39. Nd2 Nxd2 40. Rxd2 Qc6 41. Qe2 Rc3 42. Ra2
Bd8 43. g5 hxg5 44. hxg5 Qc4 $1 {Heading for a winning endgame.} 45. Qxc4 dxc4
46. d5 exd5 47. Rd2 Rd3 48. Rxd3 cxd3 49. f4 Kf8 50. Kf3 Ke7 51. Bc5+ Ke6 52.
Ke3 Kf5 53. Kxd3 g6 54. Be3 Bc7 55. b5 Bd8 56. Kd4 Bb6+ 57. Kd3 Bd8 58. Kd4 Be7
59. Bc1 Ke6 60. Bb2 Bd8 61. Kc5 Ba5 62. Bc1 Bc3 63. b6 d4 64. Kc4 Kd7 65. Be3
Bb2 66. Bxd4 Bxa3 67. Be3 Bb2 68. Kb4 a3 69. Kb3 Ke6 70. Ka2 Kd5 71. Kb3 Ke4
72. Bd2 Bd4 73. Kxa3 Bxb6 74. Kb4 Bf2 0-1

[Event "FIDE World Cup"]
[Site "Krasnaya Polyana"]
[Date "2021.08.05"]
[Round "8.2"]
[White "Duda, Jan Krzysztof"]
[Black "Karjakin, Sergey"]
[Result "1-0"]
[WhiteElo "2738"]
[BlackElo "2757"]
[Annotator "Moradiabadi"]
[PlyCount "59"]
[EventDate "2021.07.12"]
[EventType "k.o."]
[EventRounds "8"]
[EventCountry "RUS"]
[SourceTitle "CL 11.2021"]
[SourceDate "2021.11.01"]
[SourceVersion "1"]
[SourceVersionDate "2021.11.01"]
[SourceQuality "1"]

1. d4 Nf6 2. c4 e6 3. Nf3 d5 4. Nc3 c5 5. cxd5 cxd4 6. Qxd4 exd5 7. Bg5 Be7 8.
e3 O-O 9. Rd1 {This is Duda's improvement over his earlier game against GM
Alexander Grischuk in this event.} ({There, play continued} 9. Bd3 h6 10. Bh4
Nc6 11. Qa4 Bd7 12. Qd1 Bg4 13. h3 Bxf3 14. Qxf3 d4 15. Bxf6 Bxf6 16. Nd5 Bg5
17. e4 Qa5+ 18. Kf1 {and the game was drawn in 28 moves. (Duda-Grischuk, World
Cup 2021)}) 9... Nc6 10. Qa4 Be6 11. Bb5 Qb6 12. Bxf6 $1 {An important nuance
discovered by Duda and his team.} Bxf6 13. Nxd5 Bxd5 14. Rxd5 Bxb2 15. Ke2 $1
Bf6 16. Rhd1 {Black has no weaknesses, but White is completely dominant.} Rac8
17. Bc4 $1 {Another strong move - Duda knows what is he doing!} Qb4 18. Qb3
Qxb3 19. Bxb3 {[#] Time to take stock of the position, which is completely
winning for White. He is dominating the d-file and the seventh rank, and he
will target the b7- and f7-pawns while the f6-bishop is hitting air.} Nb8 20.
g4 $1 h6 21. h4 g6 22. g5 hxg5 23. hxg5 ({The engine prefers} 23. h5 {but in
all honest, it is is too fancy!}) 23... Be7 24. Re5 Nc6 25. Rd7 Bd8 26. Rb5 Na5
27. Bd5 ({Here} 27. Rxd8 Rcxd8 28. Rxa5 a6 29. Ne5 {seems simpler.}) 27... Rc7
28. Bxf7+ Kg7 29. Rxc7 Bxc7 30. Bd5 {Tired and disgusted, Karjakin resigned!
This was Duda's easiest win, and it came in the most important match of the
event.} 1-0

[Event "FIDE World Cup (Women)"]
[Site "Krasnaya Polyana"]
[Date "2021.07.18"]
[Round "3.1"]
[White "Dzagnidze, Nana"]
[Black "Yip, Carissa"]
[Result "0-1"]
[WhiteElo "2523"]
[BlackElo "2430"]
[Annotator "Moradiabadi"]
[PlyCount "72"]
[EventDate "2021.07.12"]
[EventType "k.o."]
[EventRounds "7"]
[EventCountry "RUS"]
[SourceTitle "CL 11.2021"]
[SourceDate "2021.11.01"]
[SourceVersion "1"]
[SourceVersionDate "2021.11.01"]
[SourceQuality "1"]

{[%evp 0,72,25,19,30,-10,13,21,19,19,19,14,27,31,18,17,22,-3,37,35,27,-11,22,
-8,-12,-20,24,24,17,17,24,24,22,-1,14,-18,14,0,80,-16,98,97,54,122,122,-108,
-46,-133,-133,-185,26,-44,20,-127,-21,-6,0,-183,-199,-232,-211,-287,-326,-354,
-393,-635,-737,-739,-939,-905,-927,-1000,-1040,-1040,-507]} {To beat a strong
opponent you need to take a risk, seize the moment, and (sometimes) get lucky.
In this game, Carissa followed the right recipe.} 1. Nf3 Nf6 2. g3 g6 3. Bg2
Bg7 4. O-O O-O 5. d4 d6 6. c4 {and we have a King's Indian} Bf5 $5 {
Provocative.} (6... Nc6 {or 6...Nbd7 or 6...c6 are the key mainlines.}) (6...
Ne4 {has even been tried by Grischuk and Firouzja!}) 7. Nh4 ({Black's big idea
is} 7. Nc3 Ne4 {.}) 7... Be4 8. f3 $6 {I don't like this move. It leaves the
h4-knight out of the game for sometime.} Bc6 ({Also interesting was} 8... Bxb1
9. Rxb1 c5 10. f4 Nbd7 {.}) 9. Nc3 ({After the space-gaining} 9. e4 {Black
might consider the new move} b5 $5 {, with a sample variation of} 10. cxb5 Bxb5
11. Rf2 Nc6 12. Nc3 Ba6 13. Qa4 Bb7 14. Be3 e5 15. dxe5 (15. d5 $2 {is met with
} Nd4 $1) 15... Nxe5 16. Rd1 a5 {and an unclear position.}) 9... e5 10. Be3 ({
Grabbing space with} 10. d5 Bd7 11. e4 Nh5 12. Rf2 a5 13. Be3 Na6 14. Bf1 f5 {
looks good for Black.}) 10... Bd7 ({Here the thematic} 10... exd4 11. Bxd4 Bd7
12. e4 Nc6 13. Bf2 Be6 14. Nd5 Re8 15. Qd2 a5 16. Rfe1 {would have gradually
morphed into a typical position for the fianchetto King's Indian.}) 11. Qd2
exd4 12. Bxd4 h6 $2 {Too cute by half. Of course Black wants to play ...g6-g5,
but this is a waste of time.} ({I much prefer} 12... Nc6 13. Bf2 Be6 14. Nd5 ({
not} 14. b3 $4 d5 $1 15. Rad1 dxc4 {with a big Black advantage}) 14... a5 15.
e4 a4 16. Rac1 Na5 17. f4 c5 18. Rfd1 Re8 19. e5 dxe5 20. Bxc5 Bxd5 21. cxd5
exf4 22. Qxf4 Nd7 {and while the engines are calm about this position, I
prefer Black. White's pieces seem out of place due to the awkward placement of
the c5-bishop and the h4-knight. Harmony is a key concept in chess!}) 13. e4 $1
{There goes that ...g6-g5 idea!} Nc6 14. Be3 Kh7 {Now it is Black who is
conceding tempi.} 15. Rad1 Re8 16. Kh1 a6 17. f4 b5 $2 {Bold, and in
accordance with the tournament's knockout format... but entirely wrong!} ({
It was still a tough fight after} 17... Bg4 18. Rc1 Qd7 19. Bg1 Rab8 20. b3 Bh3
{.}) 18. e5 $1 {What else?!} dxe5 19. Nd5 $4 {Now Dzagnidze returns the favor,
but the winning plan was admittedly far from obvious!} ({The right path was} 
19. f5 $1 g5 {[#]} 20. Qxd7 $3 {Pictueresque!} Nxd7 21. Bxc6 gxh4 22. Rxd7 Qc8
({White wins after} 22... Qb8 23. f6) 23. Nd5 $1 {and the white pieces are
totally dominant!} ({Note that the tempting} 23. f6 $2 Re6 $1 24. fxg7 Rxc6 25.
Rfxf7 Qb7 $1 26. g8=Q+ Kxg8 27. Rg7+ {only leads to a draw.})) 19... Ng4 $4 {
The latest in a series of blunders. Luckily, Carissa made the next-to-last
mistake in this sharp position!} ({Only Black can be better after the correct} 
19... Bg4 $1 20. Nxf6+ Qxf6 21. fxe5 Qxe5 22. Bxc6 Rad8 $1 23. Bd4 Bxd1 24.
Bxe5 Rxd2 25. Bxe8 Bxe5 26. Rxf7+ Kg8 {.}) 20. f5 $1 {Nana is back on track.}
e4 21. fxg6+ fxg6 22. Rf7 $4 {The pendulum swings once more.} ({The right move
is} 22. Nxg6 $1 {, proving that 7.Nh4 was the right plan! After} Kxg6 {White
has to find} 23. h3 $1 {which is hard to spot! The idea is} Nxe3 24. Qxe3 Kh7
25. Rf7 Ne5 {and now it is too late for this move because Black has no knight
on g4:} ({no better is} 25... Kh8 26. Nf4) 26. Nf6+ Qxf6 27. Bxe4+ Kg8 28. Rxf6
Bxf6 29. Qxh6 $18 {with a winning position.}) 22... Nce5 $1 {Carissa seizes
the moment!} 23. Rxg7+ Kxg7 24. Bd4 Bc6 $6 {It is not easy to play so
accurately with such a weak king, so we could give Carissa credit for playing
the most natural move relatively fast.} ({Stronger is} 24... g5 25. Bxe4 gxh4
26. Nf4 h3 $1 {but yeah, good luck playing this cold-blooded move when there
is so much at stake!}) 25. Bxe4 Nf6 $4 {Deserving of criticism.} (25... bxc4 {
would have been consistent with Carissa's previous move, especially if Black
blundered with} 26. Nxg6 $4 Bxd5 {.}) 26. Bg2 ({White could have turned the
tables with} 26. Qf4 $1 Bxd5 27. Bxd5 {.}) 26... bxc4 27. Ne3 Kh7 $1 {A strong
prophylactic move. From this point forward, Carissa avoids all the cheapos and
stays on track until the end.} 28. Qf2 Bxg2+ 29. Kxg2 Qd6 30. Bc3 Qc6+ 31. Kg1
Ne4 32. Qf4 Ng5 33. Qf1 Nef3+ 34. Nxf3 Nxf3+ 35. Kf2 Rf8 36. Ke2 Nd4+ {Some
might attribute this win to chance, but strong players know better. It is
never easy to take down a powerful and experienced opponent without taking
substantial risks in certain moments. Kudos to the number one American woman
for such a nice victory!} 0-1

[Event "FIDE World Cup (Women)"]
[Site "Krasnaya Polyana"]
[Date "2021.08.01"]
[Round "7.1"]
[White "Goryachkina, Aleksandra"]
[Black "Kosteniuk, Alexandra"]
[Result "0-1"]
[WhiteElo "2596"]
[BlackElo "2472"]
[Annotator "Moradiabadi"]
[PlyCount "126"]
[EventDate "2021.07.12"]
[EventType "k.o."]
[EventRounds "7"]
[EventCountry "RUS"]
[SourceTitle "CL 11.2021"]
[SourceDate "2021.11.01"]
[SourceVersion "1"]
[SourceVersionDate "2021.11.01"]
[SourceQuality "1"]

1. d4 Nf6 2. c4 e6 3. g3 d5 4. Bg2 dxc4 5. Nf3 a6 6. O-O Nc6 7. Be3 Nd5 8. Qc1
Nxe3 9. Qxe3 Be7 10. Rc1 O-O 11. Rxc4 Bd7 12. a3 a5 13. Nbd2 a4 14. Ne5 Na5 15.
Rc2 Bb5 16. Re1 Ra6 17. h4 Rd6 18. Qc3 c6 19. e3 f6 20. Nef3 e5 21. b4 axb3 22.
Nxb3 Nxb3 23. Qxb3+ Kh8 24. a4 Ba6 25. dxe5 Rd3 26. Rc3 Rxc3 27. Qxc3 fxe5 28.
Qxe5 c5 29. h5 c4 30. h6 Bf6 31. hxg7+ Bxg7 32. Qh5 Qf6 33. Ng5 Qxf2+ 34. Kh2
Qc2 35. e4 h6 {[#]} 36. Nf7+ $2 {It's not enough to play well to win a World
Cup -- you need to be lucky too!} ({In a winning position, Goryachkina misses
the absolutely crushing} 36. Rd1 $1 Qb2 37. Nf7+ Kh7 38. Rd6 $18) 36... Kg8 37.
Qd5 $4 {Losing the thread entirely.} ({Now} 37. Re2 $1 {is the only winning
move. After} Qxa4 38. Rf2 c3 39. Qg6 Bc4 40. Nxh6+ Kh8 41. Nf5 Qd7 42. Rf4 Rf6
43. Qh5+ Kg8 44. Rg4 c2 {[#] White can allow the pawn to promote, as mate
takes priority!} 45. Nxg7 c1=Q 46. Ne6+ Qg5 47. Rxg5+ Rg6 48. Qxg6+ Qg7 49.
Qxg7#) 37... c3 38. Nxh6+ Kh7 39. Nf7 Qf2 40. Ng5+ $4 {The tragedy of the
fortieth move - a story as old as time.} ({By now Goryachkina had to content
herself with a draw after} 40. Qh5+ Kg8 41. Nh6+ Bxh6 42. Qxh6 $11) 40... Kg6
$1 41. Rh1 Qd4 $6 {Trying to get queens off is understandable, but this is
inaccurate.} ({The fearless} 41... c2 {is stronger.}) 42. Nh3 Qxd5 43. exd5 Bh6
$2 44. Re1 $2 ({Here White missed the saving} 44. Nf4+ $1 Bxf4 45. gxf4 $11)
44... Bd3 $6 ({Hope lives after} 44... Kg7 45. Re7+ Rf7 46. Rxf7+ Kxf7 47. Be4
Bc4 {when Black has good winning chances.}) 45. Nf4+ $1 Bxf4 46. gxf4 Rxf4 47.
d6 Rxa4 48. Bxb7 Rd4 49. Kg3 Bf5 50. Bf3 c2 51. Rc1 Kf6 52. Kf2 Ke5 {[#]} 53.
Ke3 $4 {Goryachkina thought that she had the worst behind her, but this is the
straw that broke the camel's back.} ({She could still have drawn with the
precise} 53. Ke1 Kf4 54. Bd1 $1 $11) 53... Rd3+ 54. Ke2 Rxd6 {The loss of a
single tempo proves to be too much.} 55. Ke1 Kd4 56. Bd1 Ke3 $1 {Now it is
over.} 57. Rxc2 ({Mate follows after} 57. Bxc2 Rg6 58. Bd3 Bxd3 {.}) 57... Bxc2
58. Bxc2 Rd2 59. Bf5 Rf2 60. Be6 Rf6 61. Bd5 Rd6 62. Bb3 Rb6 63. Bc2 Ra6 0-1

[Event "FIDE World Cup"]
[Site "?"]
[Date "2021.??.??"]
[Round "6.2"]
[White "Duda, Jan-Krzysztof"]
[Black "Vidit, Santosh Gujrathi"]
[Result "1-0"]
[WhiteElo "2729"]
[BlackElo "2726"]
[Annotator "Aagaard"]
[PlyCount "99"]
[EventDate "2021.??.??"]
[SourceTitle "CL 11.2021"]
[SourceDate "2021.11.01"]
[SourceVersion "1"]
[SourceVersionDate "2021.11.01"]
[SourceQuality "1"]

{World Cup winner GM Jan-Kryzstof Duda was the big sensation of the tournament.
Like everyone he had shaky moments, but anyone who beats the World Champion in
a match -- no matter how short -- has achieved something rare. The following
game against Vidit was, according to Duda, "the best game of [his] life." Some
might argue it was rather unambitious to skip the middlegame altogether; I
found it a rich positional fight of great aesthetic value.} 1. e4 e5 2. Nf3 Nc6
3. Bb5 a6 4. Ba4 Nf6 5. O-O b5 6. Bb3 Bc5 7. a4 Rb8 8. c3 d6 9. d4 Bb6 10. a5
Ba7 11. h3 Bb7 {[#] After the game, Duda explained that he got into trouble on
his way to the venue and was afraid he might miss the start of the game. In
fact, he would have lost the match, given the zero tolerance rule in place.
Understandibly shaken, he decided to go for this known drawish line.} 12. Be3
Nxe4 13. d5 Bxe3 14. dxc6 Nxf2 15. Qe2 Nxh3+ 16. Kh1 Nf2+ 17. Rxf2 Bxf2 18.
Qxf2 Bxc6 ({Risky for Black would be} 18... Bc8 $2 19. Nxe5 O-O 20. Nd3 Qg5 21.
Nd2 {. The knights are strong and the c6-pawn is a strong asset.}) 19. Nxe5
Bxg2+ $1 {[#]} 20. Kg1 $1 ({Here} 20. Kxg2 $2 Qg5+ 21. Kf1 Qxe5 {would give
Black a strong chance of winning the endgame with rook and three pawns against
two minor pieces.}) 20... Qf6 {Duda was out of book here.} 21. Nxf7 Qxf2+ 22.
Kxf2 Rf8 23. Kxg2 Rxf7 24. Bxf7+ Kxf7 25. Nd2 {[#] The opening stage is over
and we have skipped straight into the endgame, bipassing the middlegame. Duda
explained that he considered this a force draw. But reality is different. Only
White has chances of winning this game, even if they are small. The problem
for Black is that although his preparation has been perfect, he will still
have to work out how to make the draw. This is something preparation cannot
provide him with. White has too many options and there are too many variations
to prepare, making it impossible to analyse everything till the end. In
practice, this pressure was not easy to deal with for Vidit, in an already
high-pressure game.} Re8 {Black's main difficulty is the a-pawn. If the b-pawn
was back on b7, he would not have anything to worry about. Now there are many
situations that are unpleasant. White will be looking for shots like Nxc7 or
Nxb5.} ({It is hard to evaluate if} 25... b4 $5 26. c4 Re8 {was more accurate;
I suspect that it is not. The pawns are stuck, and this can only favor White.})
26. Rf1+ {Asking Black to decide whether the king is more useful on the
kingside or the queenside. It is a question without an obvious answer.} Kg6 {
Vidit decides to keep his king close to the pawns. This is a rational choice,
as it does not run the risk of losing them. On the other hand, the a-pawn is
awfully far away now. Conceptually speaking, Black would not have to worry
about a pawn ending where the black king is in the center or on the queenside.
The king can defend the queenside and neither the king or the knight will be
able to overpower the two kingside pawns. A draw would be assured.} 27. Kf2 h5
28. Rg1+ Kf6 {[#] The most natural manoeuvre would be Nd2-f3-d4, but Duda
found a different way to create pressure against the fragile black queenside.}
29. Kf3 $5 g6 $6 {Vidit does not find the best way to organise the pieces.} ({
Stronger was} 29... Re5 $1 30. Ne4+ Kf7 {. For example:} 31. Nf2 Rf5+ $1 32.
Ke2 g5 33. Nd3 c5 {and Black is making a draw. White can try 31.Kf4 and look
for ways to create problems for the opponent.}) 30. Ne4+ {Already Black is
approaching the zone of one mistake.} Kg7 $1 31. Nf2 Rf8+ ({It was stronger to
play} 31... Kh6 $1 32. Nd3 g5 {, mobilising the pawns for active counterplay.})
32. Kg2 Re8 $2 ({Black still had time to play} 32... Rf5 33. Nd3 c5 {, keeping
everything under control. [#] Duda would probably still be able to create some
difficulties for his opponent, but it is worth noticing that the exchange of
rooks would not be a problem.} 34. Rf1 Rxf1 35. Kxf1 Kf6 36. b4 cxb4 37. Nxb4
Ke6 38. Nxa6 Kd7 39. Nb4 Kc7 {Black holds. White cannot make progress on the
queenside, while the king is occupied on the kingside.}) 33. Nd3 $1 g5 (33...
c5 34. Nf4 {was also bad for Black.}) 34. Nb4 Re2+ $2 {[#]} ({Black's last
chance was to follow a forced path:} 34... c5 35. Nxa6 Ra8 36. Nc7 Rxa5 {
, when Black has finally eliminated the a-pawn. But he is still in grave
danger after} 37. Ne8+ Kg6 38. Nxd6 Ra2 39. Rb1 b4 40. c4 {, when Black is
balancing on the edge of destruction.}) 35. Kh1 $3 {Duda was here able to play
a surprising move, worthy of an endgame study.} ({The reasonable looking} 35.
Kf3 {would be inferior, as ...Rxc3 would come with check, as would ...g5-g4,
both giving Black reasonable drawing chances.}) 35... Rxb2 36. Ra1 c5 37. Nxa6
b4 38. Nxb4 $1 {Duda was happy having a forced win, so although the line was
long, it was easy to calculate.} ({White was also winning after} 38. cxb4 cxb4
39. Nc7 $1 {, when he would win the rook after 39...Rc2 40.a6, and eliminate
the b-pawn after} b3 40. Ne6+ $1 Kf6 41. Nd4 $1 {. The black king is not
within the quadrant after} Ra2 42. Rxa2 bxa2 43. Nb3 {, winning.}) 38... cxb4
39. a6 bxc3 40. a7 c2 41. a8=Q Rb1+ 42. Kg2 c1=Q {[#]} 43. Ra7+ Kf6 44. Qf8+
Ke5 45. Re7+ Kd5 46. Qf3+ Kc5 47. Rc7+ Kb4 48. Qb7+ Ka5 49. Qa7+ Kb5 50. Qb8+
1-0